Zdaňovanie príjmov z obchodovania s cennými papiermi a derivátmi na svetových trhoch diplomová práca

Gespeichert in:
Bibliographische Detailangaben
1. Verfasser: Dubovanský, Martin
Körperschaft: Národohospodárska fakulta EU. Katedra financií
Weitere Verfasser: Kubicová, Jana, 1961-
Format: Buch
Sprache:Slowakisch
Veröffentlicht: Bratislava 2019
Tags: Tag hinzufügen
Keine Tags, Fügen Sie das erste Tag hinzu!

MARC

LEADER 00000nbm a2200000 4500
001 0254921
005 20190724130548.9
041 0 |a slo 
044 |a SK 
245 1 0 |a Zdaňovanie príjmov z obchodovania s cennými papiermi a derivátmi na svetových trhoch  |b diplomová práca  |c Martin Dubovanský ; školiteľ: Jana Kubicová 
264 1 |a Bratislava  |c 2019 
300 |a 60 s. 
100 1 |a Dubovanský, Martin 
700 1 |a Kubicová, Jana, 1961- 
710 2 |a Národohospodárska fakulta EU. Katedra financií